Τεχνικό-οικονομική μελέτη εγκατάστασης φωτοβολταϊκών συστημάτων στα κτίρια Ξενία Α' & Β' του τμήματος Περιβάλλοντος του Πανεπιστημίου Αιγαίου : πτυχιακή εργασία
Η Ελλάδα, στα πλαίσια των υποχρεώσεων της ως κράτος μέλος της Ευρωπαϊκής Ένωσης, οφείλει μέσα στα επόμενα χρόνια να προχωρήσει στον περιορισμό των αέριων ρύπων. Το δύσκολο οικονομικό κλίμα δεν αποτελεί επιχείρημα για να καθυστερήσουμε τη μετάβαση σε χαμηλές εκπομπές άνθρακα, αντίθετα, είναι βάσιμος...
Saved in:
| Main Author: | |
|---|---|
| Corporate Author: | |
| Format: | Thesis Book |
| Language: | Greek |
| Published: |
2015.
|
| Subjects: | |
| Online Access: | http://hdl.handle.net/11610/10206 |
| Tags: |
Add Tag
No Tags, Be the first to tag this record!
|
MARC
| LEADER | 00000cam a2200000 a 4500 | ||
|---|---|---|---|
| 001 | 1/109328 | ||
| 008 | 151110s2015####gr d ||| |||| ||gre|| | ||
| 040 | |a GR-MyUa |b gre |c GR-MyUa |e AACR2 | ||
| 041 | 0 | |a gre | |
| 082 | 7 | |a 621.47 |2 (23) | |
| 100 | 1 | |a Γιαννόπουλος, Φερνάντο-Γεώργιος. | |
| 245 | 1 | 0 | |a Τεχνικό-οικονομική μελέτη εγκατάστασης φωτοβολταϊκών συστημάτων στα κτίρια Ξενία Α' & Β' του τμήματος Περιβάλλοντος του Πανεπιστημίου Αιγαίου : |b πτυχιακή εργασία / |c Γιαννόπουλος Φερνάντο Γεώργιος ; επιβλέπων καθηγητής: Χαραλαμπόπουλος Δίας. |
| 260 | |c 2015. | ||
| 300 | |a 71 σ. ; |b εικ., διαγρ. ; |c 24 εκ. | ||
| 502 | |a Πτυχιακή εργασία – Πανεπιστήμιο Αιγαίου, Λέσβος, 2015. | ||
| 504 | |a Περιλαμβάνει βιβλιογραφία και παράρτημα. | ||
| 506 | 1 | |a Ηλεκτρονική διάθεση στο πλήρες κείμενο – περιορισμένης πρόσβασης ; |d Ελεύθερη διάθεση μόνο στα μέλη του Πανεπιστημίου Αιγαίου. | |
| 520 | 8 | |a Η Ελλάδα, στα πλαίσια των υποχρεώσεων της ως κράτος μέλος της Ευρωπαϊκής Ένωσης, οφείλει μέσα στα επόμενα χρόνια να προχωρήσει στον περιορισμό των αέριων ρύπων. Το δύσκολο οικονομικό κλίμα δεν αποτελεί επιχείρημα για να καθυστερήσουμε τη μετάβαση σε χαμηλές εκπομπές άνθρακα, αντίθετα, είναι βάσιμος λόγος για την επίτευξη των δεσμεύσεων.Στις συγκυρίες αυτές η παρούσα Πτυχιακή εργασία για το Τμήμα Περιβάλλοντος του Πανεπιστημίου Αιγαίου, με τίτλο «Χρήση φωτοβολταϊκών για ηλεκτροπαραγωγή στα κτίρια του τμήματος Περιβάλλοντος στο λόφο Ξενία" αποσκοπεί στο να ερευνήσει μέσω του μοντέλου Retscreen αλλά και μέσω βιβλιογραφικής έρευνας, την ενδεχόμενη αλλαγή στον τρόπο ηλεκτροδότησης των εγκαταστάσεων του Τμήματος Περιβάλλοντος. | |
| 650 | 0 | |a Solar energy. | |
| 650 | 0 | |a Solar buildings. | |
| 650 | 0 | |a Solar cells. | |
| 650 | 0 | |a Photovoltaic power systems. | |
| 650 | 0 | |a Photovoltaic power generation. | |
| 700 | 1 | |a Χαραλαμπόπουλος, Δίας. |e dgs | |
| 710 | 2 | |a Πανεπιστήμιο Αιγαίου. |b Σχολή Περιβάλλοντος. |b Τμήμα Περιβάλλοντος. | |
| 852 | |a INST |b LESVOS |c DIATR |e 20151110 |h 1683 |p 005100057947 |q 005100057947 |t DIE |y 23 | ||
| 856 | |u http://hdl.handle.net/11610/10206 | ||
| 924 | |a Γιαννόπουλος |b Φερνάντο Γεώργιος |y Λέσβος |z 2015-03 | ||
| 970 | |a Τζαφέρη |b Ευαγγελία |z 12-11-2015 | ||